Surface transportation system : challenges for the future : hearing before the Subcommittee on Highways and Transit of the Committee on Transportation and Infrastructure, House of Representatives, One Hundred Tenth Congress, first session, January 24, 2007.

Bibliographic Details
Corporate Author: United States. Congress. House. Committee on Transportation and Infrastructure. Subcommittee on Highways and Transit (2007- )
Format: Government Document Book
Language:English
Published: Washington : U.S. G.P.O. : 2007.
Subjects:
Online Access:https://purl.fdlp.gov/GPO/LPS86054

MARC

Tag First Indicator Second Indicator Subfields
LEADER 00000cam a2200000 a 4500
001 in00002339721
005 20211129154623.0
008 071001s2007 dcua f000 0 eng c
020 |a 9780160792144 
020 |a 0160792142 
035 |a (OCoLC)ocn171293566 
037 |a 552-070-36320-3  |b GPO 
040 |a GPO  |c GPO  |d GPO  |d MvI  |d UtOrBLW 
042 |a pcc 
043 |a n-us--- 
049 |a UDOC  |a WWW 
050 1 4 |a KF27  |b .P896317 2007a 
074 |a 1024-A-01 
074 |a 1024-A-01 (online) 
074 |a 1024-B-01 (MF) 
074 |a 1024-B-01 (online) 
086 0 |a Y 4.T 68/2:110-3 
110 1 |a United States.  |b Congress.  |b House.  |b Committee on Transportation and Infrastructure.  |b Subcommittee on Highways and Transit (2007- ) 
245 1 0 |a Surface transportation system :  |b challenges for the future : hearing before the Subcommittee on Highways and Transit of the Committee on Transportation and Infrastructure, House of Representatives, One Hundred Tenth Congress, first session, January 24, 2007. 
264 1 |a Washington :  |b U.S. G.P.O. :  |c 2007. 
264 2 |a Washington :  |b For sale by the Supt. of Docs., U.S. G.P.O., 
300 |a ix, 157 pages :  |b illustrations ;  |c 24 cm. 
336 |a text  |b txt  |2 rdacontent 
337 |a unmediated  |b n  |2 rdamedia 
338 |a volume  |b nc  |2 rdacarrier 
500 |a Distributed to some depository libraries in microfiche. 
500 |a Shipping list number: 2007-0397-P. 
500 |a "110-3." 
500 |a Shipping List Date: 09/26/2007 
530 |a Also available via Internet from the GPO Access web site. Address as of 9/14/07: http://frwebgate.access.gpo.gov/cgi-bin/getdoc.cgi?dbname=110h̲ouseh̲earings&docid=f:34775.pdf; current access is available via PURL. 
650 0 |a Transportation  |z United States  |x Forecasting. 
650 0 |a Transportation  |z United States  |x Planning. 
650 0 |a Infrastructure (Economics)  |z United States. 
650 0 |a Transportation and state  |z United States. 
856 4 1 |u https://purl.fdlp.gov/GPO/LPS86054  |t 0 
999 |a MARS 
999 f f |s ccf509c8-950b-3f0c-b44f-0322cdc66e35  |i c9379ee4-1b9c-3d01-8aeb-838dfe86b47e  |t 0 
952 f f |a Texas A&M University  |b College Station  |c Electronic Resources  |d Available Online  |t 0  |e Y 4.T 68/2:110-3  |h Superintendent of Documents classification 
998 f f |a Y 4.T 68/2:110-3  |t 0  |l Available Online